Les meilleurs milieux de terrain de football du monde - Statistiques

Statistiques générales
  • Ce quiz a été pris 249 fois
  • Le résultat moyen est 16 sur 30
Statistiques - réponses
Rang Championnat Nationalité Joueur % Correct
1 Premier League Belgique Kevin De Bruyne
95%
3 Liga Angleterre Jude Bellingham
90%
4 Liga Uruguay Federico Valverde
87%
2 Premier League Espagne Rodri
87%
8 Ligue 1 Portugal Vitinha
86%
7 Liga France Eduardo Camavinga
82%
5 Premier League Norvège Martin Odegaard
82%
12 Liga France Aurélien Tchouaméni
77%
6 Premier League Portugal Bernardo Silva
71%
25 Liga Croatie Luka Modric
70%
23 Liga Espagne Pedri
64%
10 Bundesliga Allemagne Jamal Musiala
60%
9 Premier League Angleterre Declan Rice
54%
17 Bundesliga Allemagne Joshua Kimmich
54%
15 Bundesliga Allemagne Florian Wirtz
52%
20 Liga Pays-Bas Frenkie De Jong
52%
24 Liga Espagne Gavi
51%
11 Serie A Italie Nicolo Barella
50%
16 Premier League Argentine Alexis Mac Allister
38%
22 Ligue 1 France Warren Zaïre-Emery
38%
28 Bundesliga Suisse Granit Xhaka
37%
26 Premier League Hongrie Dominik Szoboszlai
31%
14 Premier League Brésil Bruno Guimaraes
30%
21 Serie A Turquie Hakan Çalhanoğlu
29%
19 Premier League Allemagne Ilkay Gündogan
27%
29 Premier League Brésil Lucas Paqueta
27%
30 Serie A France Youssouf Fofana
19%
13 Serie A Brésil Douglas Luiz
16%
27 Premier League Brésil Joelinton
8%
18 Premier League Angleterre Kobbie Mainoo
7%
Aucun quiz correspondant
Distribution des résultats
% des personnes avec chaque résultat
Percentile par nombre de réponses
Votre historique - résultats
Vous n’avez pas pris ce quiz